[Event "NAYCC U12 w"]
[Site "Toronto CAN"]
[Date "2013.08.15"]
[Round "3"]
[White "Davis, Katherine"]
[Black "Nguyen, An"]
[Result "1/2-1/2"]
[WhiteElo "1841"]
[BlackElo "1654"]
[PlyCount "253"]
[GameId "2160767909275699"]
[EventDate "2013.08.14"]
[EventType "swiss"]
[EventRounds "9"]
[EventCountry "CAN"]

1. e4 c6 2. d4 d5 3. exd5 cxd5 4. c4 Nf6 5. Nc3 Bf5 6. Qb3 Nc6 7. Be3 Na5 8. Qd1 dxc4 9. Bxc4 Nxc4 10. Qa4+ Qd7 11. Qxc4 Rc8 12. Qb3 e6 13. Nf3 Bd6 14. O-O O-O 15. h3 h6 16. Rfd1 Nd5 17. Rac1 Nxc3 18. bxc3 Be4 19. Nd2 Bc6 20. Re1 Ba4 21. Qb2 Qe7 22. Rb1 b6 23. c4 Rfd8 24. Qc3 Qc7 25. Rec1 Bf4 26. Nb3 Bxb3 27. axb3 Bxe3 28. fxe3 Rd7 29. Rd1 Rcd8 30. b4 Rc8 31. Rbc1 Qc6 32. Qd3 Qb7 33. e4 a6 34. c5 bxc5 35. bxc5 Qc6 36. d5 exd5 37. exd5 Qb5 38. Qxb5 axb5 39. c6 Rd6 40. Rc5 b4 41. Rb5 Rcxc6 42. Rb8+ Kh7 43. dxc6 Rxd1+ 44. Kh2 Rc1 45. Rxb4 Rxc6 46. Rb7 f6 47. Rb4 h5 48. Rb7 Kh6 49. Rb8 Kh7 50. Rb7 Rc4 51. Rd7 Kh6 52. Rd8 Kg6 53. Rh8 Rc5 54. Kg3 Rc4 55. h4 Rc3+ 56. Kf4 Rc2 57. Kf3 Rc4 58. g3 Rc3+ 59. Kf2 Ra3 60. Kg2 Kf5 61. Kh3 g6 62. Rh6 Re3 63. Kg2 Re4 64. Kf3 Rb4 65. Kg2 Rb8 66. Kh3 Rg8 67. Kg2 Kg4 68. Kf2 Kf5 69. Kg2 Ke6 70. Kf3 Kf7 71. Rh7+ Rg7 72. Rh6 Kf8 73. Rh8+ Rg8 74. Rh7 Rg7 75. Rh8+ Kf7 76. Kf2 Ke6 77. Rh6 Kf5 78. Kf3 Rd7 79. Kg2 Rd4 80. Kf3 Rg4 81. Rh8 Re4 82. Rh6 Rb4 83. Kg2 Rb6 84. Kf2 Rb8 85. Kg2 Rg8 86. Kf3 Rg7 87. Rh8 Re7 88. Rh6 Rc7 89. Kf2 Rc3 90. Kg2 Rd3 91. Kf2 Rd1 92. Ke2 Ra1 93. Kf2 Ra8 94. Kg2 Rg8 95. Kf3 Ke5 96. Ke3 Re8 97. Kf3 Kf5 98. Kg2 Re4 99. Kf3 Rg4 100. Rh8 Ke6 101. Rh7 f5 102. Rb7 Kf6 103. Rb6+ Kg7 104. Rb7+ Kh6 105. Rb6 Re4 106. Rb7 Re6 107. Kf4 Rf6 108. Rc7 Re6 109. Rb7 Re4+ 110. Kf3 g5 111. Rb6+ Kg7 112. hxg5 Rg4 113. Ra6 Rxg5 114. Kf4 Rg4+ 115. Kxf5 Rxg3 116. Ra4 Rg1 117. Rb4 Kh7 118. Rb7+ Kg8 119. Rb8+ Kg7 120. Rb7+ Kh8 121. Rb8+ Kh7 122. Rb7+ Kg8 123. Rb8+ Kf7 124. Rb7+ Ke8 125. Rh7 Rf1+ 126. Kg5 h4 127. Rxh4 1/2-1/2

[Event "NAYCC U12 w"]
[Site "Toronto CAN"]
[Date "2013.08.15"]
[Round "3"]
[White "Dommalapati, Aasa"]
[Black "Gao, Catherine"]
[Result "0-1"]
[WhiteElo "1590"]
[BlackElo "1133"]
[PlyCount "132"]
[GameId "2160767909275701"]
[EventDate "2013.08.14"]
[EventType "swiss"]
[EventRounds "9"]
[EventCountry "CAN"]
[SourceTitle "EXT 2022"]
[Source "ChessBase"]
[SourceDate "2021.10.06"]
[SourceVersion "1"]
[SourceVersionDate "2021.10.06"]
[SourceQuality "1"]

1. d4 Nf6 2. c4 c5 3. e3 e6 4. Nc3 d5 5. Nf3 Be7 6. Be2 O-O 7. O-O b6 8. b3 Bb7 9. cxd5 exd5 10. Bb2 Nbd7 11. Rc1 Re8 12. Bb5 a6 13. Bxd7 Qxd7 14. Na4 Qb5 15. Nc3 Qc6 16. Ne5 Qc7 17. Na4 Bd6 18. Nf3 Nd7 19. dxc5 bxc5 20. Nxc5 Nxc5 21. b4 Qe7 22. bxc5 Bxc5 23. Nd4 g6 24. Qc2 Rac8 25. Qd3 Qe4 26. Qxe4 dxe4 27. a3 f5 28. Rcd1 Rcd8 29. Rc1 Rc8 30. Rcd1 Bb6 31. Nb3 Rc2 32. Ba1 Rc7 33. Bb2 Bc6 34. Nd4 Ba4 35. Rb1 Rcc8 36. g3 Rb8 37. Rbc1 Rec8 38. Kg2 Ba5 39. Rxc8+ Rxc8 40. Rb1 Rb8 41. f3 Bc3 42. fxe4 Rxb2+ 43. Rxb2 Bxb2 44. e5 Bxd4 45. exd4 Bc6+ 46. Kf2 Kf7 47. Ke3 Ke6 48. h3 Kd5 49. g4 fxg4 50. hxg4 h6 51. Kf4 Kxd4 52. e6 Kd5 53. e7 Kd6 54. g5 h5 55. Ke3 Kxe7 56. Kd4 h4 57. Kc5 Bb5 58. Kd5 h3 59. Kc5 h2 60. Kb6 h1=Q 61. Ka5 Qb7 62. Kb4 Ba4+ 63. Kc3 Qd5 64. Kb4 Qd4+ 65. Ka5 Qc5+ 66. Kxa4 Qb5# 0-1

[Event "NAYCC U12 w"]
[Site "Toronto CAN"]
[Date "2013.08.15"]
[Round "3"]
[White "Escamilla Romero, Quetzija"]
[Black "Kaneshalingam, Mathanhe"]
[Result "0-1"]
[WhiteElo "1151"]
[BlackElo "1515"]
[PlyCount "120"]
[GameId "2160767909275702"]
[EventDate "2013.08.14"]
[EventType "swiss"]
[EventRounds "9"]
[EventCountry "CAN"]
[SourceTitle "EXT 2022"]
[Source "ChessBase"]
[SourceDate "2021.10.06"]
[SourceVersion "1"]
[SourceVersionDate "2021.10.06"]
[SourceQuality "1"]

1. e4 c5 2. c3 d5 3. exd5 Qxd5 4. d4 e6 5. Qf3 Nf6 6. Bb5+ Bd7 7. Bxd7+ Nbxd7 8. Qxd5 Nxd5 9. Nf3 N5f6 10. Bf4 Be7 11. O-O O-O 12. Bg5 h6 13. Bh4 cxd4 14. cxd4 Rac8 15. Ne5 Nxe5 16. dxe5 Nd5 17. Bxe7 Nxe7 18. Nc3 Rc5 19. Rfe1 Ng6 20. Rad1 Rfc8 21. Rd7 R5c7 22. Rxc7 Rxc7 23. Nb5 Rc5 24. Nxa7 Nxe5 25. b4 Rc2 26. a3 Nd3 27. Rf1 Ra2 28. Nb5 Kf8 29. g4 Ne5 30. h3 Nc4 31. Rc1 Nxa3 32. Nxa3 Rxa3 33. Rc7 Rxh3 34. Rxb7 Rb3 35. Kf1 f5 36. gxf5 exf5 37. b5 h5 38. Kg2 Kg8 39. f3 Kh7 40. Kg3 Kh6 41. Rb8 Kg5 42. Rg8 g6 43. b6 f4+ 44. Kg2 Rxb6 45. Rc8 Rb2+ 46. Kh3 Rb3 47. Rc5+ Kh6 48. Kg2 h4 49. Rc4 g5 50. Rc6+ Kh5 51. Rc5 h3+ 52. Kxh3 Rxf3+ 53. Kg2 Rg3+ 54. Kf2 Kg4 55. Rc4 Rf3+ 56. Kg2 Ra3 57. Kg1 Kg3 58. Kf1 f3 59. Rc2 Ra1+ 60. Rc1 Rxc1# 0-1

[Event "NAYCC U12 w"]
[Site "Toronto CAN"]
[Date "2013.08.15"]
[Round "3"]
[White "Kao, Camille"]
[Black "Gillan, Rahma"]
[Result "1-0"]
[WhiteElo "1747"]
[BlackElo "1150"]
[PlyCount "113"]
[GameId "2160767909275703"]
[EventDate "2013.08.14"]
[EventType "swiss"]
[EventRounds "9"]
[EventCountry "CAN"]
[SourceTitle "EXT 2022"]
[Source "ChessBase"]
[SourceDate "2021.10.06"]
[SourceVersion "1"]
[SourceVersionDate "2021.10.06"]
[SourceQuality "1"]

1. e4 e5 2. Nf3 Nc6 3. Bc4 Bc5 4. Nc3 Nf6 5. d3 h6 6. Be3 Bb6 7. h3 d6 8. O-O Be6 9. Bb3 O-O 10. Qd2 Ne7 11. Rad1 Bxe3 12. fxe3 Ng6 13. d4 exd4 14. exd4 Bxb3 15. axb3 Re8 16. Rde1 Qd7 17. Qf2 a6 18. e5 dxe5 19. Nxe5 Qd6 20. Nxg6 Rxe1 21. Rxe1 fxg6 22. Ne4 Nxe4 23. Rxe4 Rf8 24. Qe2 Qf6 25. c3 Qf5 26. Re7 Rf7 27. Rxf7 Qxf7 28. Qc4 g5 29. Qxf7+ Kxf7 30. Kf2 Ke6 31. Ke3 h5 32. g3 Kf5 33. Kf3 g6 34. g4+ Ke6 35. Ke4 a5 36. b4 axb4 37. cxb4 hxg4 38. hxg4 b5 39. d5+ Kd6 40. Kd4 Ke7 41. Ke5 Kf7 42. d6 cxd6+ 43. Kxd6 Kf6 44. b3 Kf7 45. Kc5 Ke6 46. Kxb5 Ke5 47. Kc6 Kf4 48. b5 Kxg4 49. b6 Kf3 50. b7 g4 51. b8=Q g3 52. Qf8+ Kg4 53. Qf1 g5 54. Kd5 Kh4 55. Ke5 Kg4 56. Kf6 Kh5 57. Qh3# 1-0

[Event "NAYCC U12 w"]
[Site "Toronto CAN"]
[Date "2013.08.15"]
[Round "3"]
[White "Ouellet, Maili-Jade"]
[Black "Trakru, Priya"]
[Result "1-0"]
[WhiteElo "1669"]
[BlackElo "1911"]
[PlyCount "49"]
[GameId "2160767909275705"]
[EventDate "2013.08.14"]
[EventType "swiss"]
[EventRounds "9"]
[EventCountry "CAN"]
[SourceTitle "EXT 2022"]
[Source "ChessBase"]
[SourceDate "2021.10.06"]
[SourceVersion "1"]
[SourceVersionDate "2021.10.06"]
[SourceQuality "1"]

1. d4 Nf6 2. c4 g6 3. Nc3 Bg7 4. e4 d6 5. f4 O-O 6. Nf3 c5 7. d5 e6 8. Be2 exd5 9. cxd5 Re8 10. Nd2 Kh8 11. O-O Ng8 12. Bf3 f5 13. Nc4 Nh6 14. e5 dxe5 15. fxe5 Qh4 16. Nd6 Bxe5 17. g3 Bxg3 18. hxg3 Qxg3+ 19. Bg2 g5 20. Qh5 Re1 21. Bxg5 Rxf1+ 22. Rxf1 Qxd6 23. Bxh6 Bd7 24. Rxf5 Na6 25. Bf4 1-0

[Event "NAYCC U12 w"]
[Site "Toronto CAN"]
[Date "2013.08.15"]
[Round "3"]
[White "Paraparan, Varshini"]
[Black "Tang, Terra"]
[Result "1-0"]
[WhiteElo "1506"]
[BlackElo "1036"]
[PlyCount "89"]
[GameId "2160767909275706"]
[EventDate "2013.08.14"]
[EventType "swiss"]
[EventRounds "9"]
[EventCountry "CAN"]
[SourceTitle "EXT 2022"]
[Source "ChessBase"]
[SourceDate "2021.10.06"]
[SourceVersion "1"]
[SourceVersionDate "2021.10.06"]
[SourceQuality "1"]

1. e4 e5 2. Nf3 Nc6 3. Bb5 Nf6 4. d3 d6 5. O-O a6 6. Ba4 b5 7. Bb3 Bg4 8. h3 Bxh3 9. gxh3 Nd4 10. Nxd4 exd4 11. a4 d5 12. e5 Nd7 13. Bxd5 c6 14. Bxc6 Rc8 15. axb5 axb5 16. Bxb5 Rc5 17. Bxd7+ Qxd7 18. Kh2 Rxe5 19. Re1 Bd6 20. Bf4 Qf5 21. Qd2 O-O 22. Rxe5 Bxe5 23. Bg3 Qf6 24. Qe2 Re8 25. Bxe5 Qf5 26. Qe1 f6 27. Nd2 fxe5 28. Qe2 Re6 29. Ra8+ Kf7 30. Qf3 Qf4+ 31. Qxf4+ exf4 32. Ra7+ Kg6 33. Ne4 Kh6 34. Rd7 Rg6 35. Rd6 Rxd6 36. Nxd6 Kh5 37. b4 Kh4 38. b5 g5 39. b6 g4 40. hxg4 Kxg4 41. Ne4 f3 42. b7 h5 43. b8=Q h4 44. Qe5 h3 45. Qg5# 1-0

[Event "NAYCC U12 w"]
[Site "Toronto CAN"]
[Date "2013.08.15"]
[Round "3"]
[White "Ravishankar, Ramitha"]
[Black "Tao, Ellen"]
[Result "1-0"]
[WhiteElo "1581"]
[BlackElo "1198"]
[PlyCount "57"]
[GameId "2160767909275707"]
[EventDate "2013.08.14"]
[EventType "swiss"]
[EventRounds "9"]
[EventCountry "CAN"]
[SourceTitle "EXT 2022"]
[Source "ChessBase"]
[SourceDate "2021.10.06"]
[SourceVersion "1"]
[SourceVersionDate "2021.10.06"]
[SourceQuality "1"]

1. e4 e5 2. Nf3 Nc6 3. Bb5 a6 4. Ba4 Bc5 5. O-O Nf6 6. Nxe5 Nxe5 7. d4 Bd6 8. dxe5 Bxe5 9. f4 b5 10. fxe5 bxa4 11. exf6 gxf6 12. Qf3 Rg8 13. e5 Rb8 14. exf6 Bb7 15. Qe2+ Kf8 16. Bh6+ Rg7 17. Bxg7+ Kg8 18. Qg4 Be4 19. Qxe4 Qe8 20. Qg4 Qe3+ 21. Kh1 Rb4 22. Qxb4 h6 23. Qg4 Qg5 24. Qxg5 hxg5 25. Rf3 Kh7 26. Nc3 Kg6 27. g4 c5 28. Rh3 a3 29. Rh6# 1-0

[Event "NAYCC U12 w"]
[Site "Toronto CAN"]
[Date "2013.08.15"]
[Round "3"]
[White "Robles Ortiz, Christina"]
[Black "Li, Catherine"]
[Result "1-0"]
[WhiteElo "1526"]
[BlackElo "1143"]
[PlyCount "65"]
[GameId "2160767909275708"]
[EventDate "2013.08.14"]
[EventType "swiss"]
[EventRounds "9"]
[EventCountry "CAN"]
[SourceTitle "EXT 2022"]
[Source "ChessBase"]
[SourceDate "2021.10.06"]
[SourceVersion "1"]
[SourceVersionDate "2021.10.06"]
[SourceQuality "1"]

1. e4 c5 2. Nc3 d6 3. f4 g6 4. Nf3 Bg7 5. Bc4 e6 6. a3 Nf6 7. d3 Nc6 8. O-O a6 9. a4 Nd4 10. f5 exf5 11. Qe1 fxe4 12. dxe4 Nxc2 13. Qh4 h6 14. Rb1 Bd7 15. e5 Ng4 16. Qg3 O-O 17. Bb3 Bf5 18. Nh4 Bxe5 19. Qh3 Nge3 20. Nxf5 Nxf5 21. Bxc2 Bd4+ 22. Kh1 Nh4 23. Bxh6 Re8 24. Qg4 Bg7 25. Bg5 Qc8 26. Qxh4 Re6 27. Nd5 Kf8 28. Nb6 Qe8 29. Nxa8 Qxa8 30. Bb3 Re5 31. Rxf7+ Ke8 32. Rxg7 Qa7 33. Qh8# 1-0

[Event "NAYCC U12 w"]
[Site "Toronto CAN"]
[Date "2013.08.15"]
[Round "3"]
[White "Roque Sola, Andrea"]
[Black "Palakollu, Samritha"]
[Result "1/2-1/2"]
[WhiteElo "1560"]
[BlackElo "1761"]
[PlyCount "202"]
[GameId "2160767909275710"]
[EventDate "2013.08.14"]
[EventType "swiss"]
[EventRounds "9"]
[EventCountry "CAN"]
[SourceTitle "EXT 2022"]
[Source "ChessBase"]
[SourceDate "2021.10.06"]
[SourceVersion "1"]
[SourceVersionDate "2021.10.06"]
[SourceQuality "1"]

1. c4 c5 2. Nc3 Nc6 3. g3 g6 4. Bg2 Bg7 5. e3 e6 6. Nge2 Nge7 7. O-O d5 8. cxd5 exd5 9. d4 cxd4 10. Nxd4 Nxd4 11. exd4 Be6 12. Qa4+ Bd7 13. Qb3 Bc6 14. Re1 O-O 15. Be3 Qd7 16. Rac1 Rad8 17. Qa3 Nc8 18. Ne2 Qd6 19. Qa5 Ne7 20. Bf4 Qd7 21. a3 a6 22. Bc7 Rc8 23. Bb6 Bb5 24. Bc5 Rfe8 25. Nf4 Nc6 26. Qd2 Bh6 27. Rb1 Qf5 28. Bd6 Red8 29. Bc5 Bxf4 30. Qxf4 Qxf4 31. gxf4 Rd7 32. Re3 Kg7 33. b3 Nd8 34. Rbe1 Ne6 35. Bh3 Nxc5 36. dxc5 f5 37. b4 Kf8 38. Bf1 Bc6 39. Rd3 Re8 40. Rde3 Rde7 41. Bd3 Kf7 42. Kf1 h6 43. R1e2 Kf6 44. Kg1 Re6 45. Kf1 Bd7 46. h4 Bc6 47. Rxe6+ Rxe6 48. Rxe6+ Kxe6 49. Ke2 Kf6 50. Bc2 g5 51. fxg5+ hxg5 52. hxg5+ Kxg5 53. Kf3 d4+ 54. Ke2 Kf4 55. a4 Bf3+ 56. Kd2 Be4 57. Bd1 Bc6 58. Kd3 Ke5 59. Bb3 Be4+ 60. Ke2 Kf4 61. Bd1 Bf3+ 62. Kd2 Bc6 63. Kd3 Ke5 64. Kd2 Bd5 65. Kd3 Be6 66. Bf3 Bc8 67. c6 bxc6 68. Bxc6 Kd6 69. b5 axb5 70. axb5 Kc5 71. f4 Be6 72. Be8 Bc4+ 73. Kd2 Bxb5 74. Bg6 Bd7 75. Bf7 Bc6 76. Be6 Be4 77. Bf7 Kd6 78. Bh5 Kc5 79. Bf7 Kb4 80. Be6 Kc5 81. Bf7 Kd6 82. Bh5 Bb1 83. Bf7 Ke7 84. Bc4 Kf6 85. Bd3 Ba2 86. Be2 Bb1 87. Bd3 Bxd3 88. Kxd3 Kg6 89. Kxd4 Kh5 90. Kd5 Kg6 91. Ke5 Kg7 92. Ke6 Kg6 93. Ke7 Kg7 94. Ke6 Kg6 95. Ke5 Kg7 96. Kxf5 Kf7 97. Ke5 Ke7 98. f5 Kf7 99. f6 Kf8 100. Ke4 Kf7 101. Kf5 Kf8 1/2-1/2

[Event "NAYCC U12 w"]
[Site "Toronto CAN"]
[Date "2013.08.15"]
[Round "3"]
[White "Tan, Kylie"]
[Black "Saremi, Yekta"]
[Result "1/2-1/2"]
[WhiteElo "1203"]
[BlackElo "1415"]
[PlyCount "77"]
[GameId "2160767909275711"]
[EventDate "2013.08.14"]
[EventType "swiss"]
[EventRounds "9"]
[EventCountry "CAN"]
[SourceTitle "EXT 2022"]
[Source "ChessBase"]
[SourceDate "2021.10.06"]
[SourceVersion "1"]
[SourceVersionDate "2021.10.06"]
[SourceQuality "1"]

1. e4 c6 2. d4 d5 3. e5 Bf5 4. Nf3 e6 5. Be3 Qb6 6. Qc1 c5 7. Be2 Nc6 8. c3 cxd4 9. Nxd4 Qc7 10. Nxf5 exf5 11. f4 b6 12. Nd2 Bc5 13. Nf3 f6 14. exf6 Nxf6 15. Bxc5 bxc5 16. Qe3+ Qe7 17. Qxe7+ Nxe7 18. Bb5+ Kd8 19. Ne5 Rf8 20. Rb1 a6 21. Ba4 Ra7 22. O-O Ne4 23. Rfd1 Kc7 24. Bc2 Rb7 25. Bxe4 fxe4 26. g3 Rd8 27. b3 Nc6 28. Nxc6 Kxc6 29. Re1 Re8 30. Rbd1 Rd7 31. Kf2 d4 32. cxd4 cxd4 33. Rc1+ Kb6 34. Rcd1 Kb5 35. a3 Kc5 36. Rc1+ Kd5 37. Rcd1 Rc7 38. Re2 d3 39. Rxd3+ 1/2-1/2

[Event "NAYCC U12 w"]
[Site "Toronto CAN"]
[Date "2013.08.15"]
[Round "3"]
[White "Wang, Constance"]
[Black "Zhou, Lily"]
[Result "1-0"]
[WhiteElo "1651"]
[BlackElo "1643"]
[PlyCount "85"]
[GameId "2160767909275712"]
[EventDate "2013.08.14"]
[EventType "swiss"]
[EventRounds "9"]
[EventCountry "CAN"]
[SourceTitle "EXT 2022"]
[Source "ChessBase"]
[SourceDate "2021.10.06"]
[SourceVersion "1"]
[SourceVersionDate "2021.10.06"]
[SourceQuality "1"]

1. e4 c5 2. Nf3 Nc6 3. d4 cxd4 4. Nxd4 g6 5. c4 Bg7 6. Be3 Nf6 7. Nc3 O-O 8. Be2 d6 9. O-O Bd7 10. f4 Qa5 11. Rc1 a6 12. Bf3 Nxd4 13. Bxd4 Bc6 14. b3 b5 15. Nd5 Nxd5 16. cxd5 Bd7 17. e5 dxe5 18. fxe5 Rac8 19. Qe2 b4 20. Rfd1 Bf5 21. Rc4 Rxc4 22. bxc4 Bd7 23. c5 Bb5 24. Qb2 Bc4 25. d6 exd6 26. exd6 Bxd4+ 27. Qxd4 Bxa2 28. d7 Rd8 29. c6 b3 30. Rc1 Qc7 31. Re1 Qb8 32. c7 h5 33. cxb8=Q Rxb8 34. d8=Q+ Rxd8 35. Qxd8+ Kh7 36. Bd5 a5 37. Qxa5 Kg7 38. Qc7 Kh6 39. Bxf7 h4 40. Qd6 Bb1 41. Rxb1 Kh7 42. Qxg6+ Kh8 43. Qg8# 1-0

[Event "NAYCC U12 w"]
[Site "Toronto CAN"]
[Date "2013.08.15"]
[Round "3"]
[White "Xu, Allyson"]
[Black "Sengupta, Sikata"]
[Result "0-1"]
[WhiteElo "967"]
[BlackElo "1513"]
[PlyCount "58"]
[GameId "2160767909275713"]
[EventDate "2013.08.14"]
[EventType "swiss"]
[EventRounds "9"]
[EventCountry "CAN"]
[SourceTitle "EXT 2022"]
[Source "ChessBase"]
[SourceDate "2021.10.06"]
[SourceVersion "1"]
[SourceVersionDate "2021.10.06"]
[SourceQuality "1"]

1. e4 e6 2. d4 d5 3. exd5 exd5 4. Nf3 Nf6 5. c4 Be7 6. Be2 O-O 7. O-O dxc4 8. Bxc4 Nbd7 9. Nc3 Nb6 10. Bd3 h6 11. Be3 Nbd5 12. Bd2 Be6 13. Qc1 Bd6 14. Nxd5 Bxd5 15. Bxh6 gxh6 16. Qxh6 Ne4 17. Rae1 Qf6 18. Qc1 Rfe8 19. Qb1 Qf4 20. Rd1 Ng5 21. Rfe1 Nxf3+ 22. Kf1 Rxe1+ 23. Rxe1 Nd2+ 24. Ke2 Nxb1 25. Bxb1 Re8+ 26. Kd1 Qxd4+ 27. Kc2 Rxe1 28. h4 Re2+ 29. Kc1 Qd2# 0-1

[Event "NAYCC U12 w"]
[Site "Toronto CAN"]
[Date "2013.08.15"]
[Round "3"]
[White "Yu, Jennifer"]
[Black "Liu, Jiaxin"]
[Result "1/2-1/2"]
[WhiteElo "1993"]
[BlackElo "1693"]
[PlyCount "74"]
[GameId "2160767909275714"]
[EventDate "2013.08.14"]
[EventType "swiss"]
[EventRounds "9"]
[EventCountry "CAN"]
[SourceTitle "EXT 2022"]
[Source "ChessBase"]
[SourceDate "2021.10.06"]
[SourceVersion "1"]
[SourceVersionDate "2021.10.06"]
[SourceQuality "1"]

1. c4 Nf6 2. Nc3 g6 3. e4 d6 4. g3 Bg7 5. Bg2 c5 6. Nge2 Nc6 7. O-O O-O 8. a3 Bg4 9. h3 Bxe2 10. Nxe2 Rc8 11. Rb1 a5 12. d3 Ne8 13. Bd2 Nc7 14. f4 Ne6 15. Kh2 Ned4 16. Nxd4 Nxd4 17. b4 axb4 18. axb4 b6 19. f5 Qc7 20. fxg6 fxg6 21. Qg4 Rcd8 22. h4 Rxf1 23. Rxf1 Qc8 24. Qxc8 Rxc8 25. bxc5 bxc5 26. Be3 Rb8 27. Bh3 Bf6 28. Bxd4 cxd4 29. Be6+ Kh8 30. Kh3 Kg7 31. g4 h6 32. Rg1 Be5 33. Rf1 Rf8 34. Rxf8 Kxf8 35. g5 h5 36. Kg2 Bf4 37. Kf3 Be5 1/2-1/2

[Event "NAYCC U12 w"]
[Site "Toronto CAN"]
[Date "2013.08.15"]
[Round "3"]
[White "Zhu, Jiarong"]
[Black "Shen, Celina"]
[Result "1-0"]
[WhiteElo "1224"]
[BlackElo "527"]
[PlyCount "129"]
[GameId "2160767909275715"]
[EventDate "2013.08.14"]
[EventType "swiss"]
[EventRounds "9"]
[EventCountry "CAN"]
[SourceTitle "EXT 2022"]
[Source "ChessBase"]
[SourceDate "2021.10.06"]
[SourceVersion "1"]
[SourceVersionDate "2021.10.06"]
[SourceQuality "1"]

1. e4 e5 2. Nf3 Nc6 3. Bb5 Bc5 4. O-O Nf6 5. Bxc6 dxc6 6. Nxe5 O-O 7. d3 Qd6 8. Nf3 Bg4 9. h3 Bxf3 10. Qxf3 g6 11. Bh6 Rfe8 12. Nc3 Rac8 13. Rfe1 Re6 14. Na4 Rce8 15. c3 b5 16. Nxc5 Qxc5 17. d4 Qh5 18. Qxh5 Nxh5 19. e5 c5 20. Rac1 Ng7 21. g4 Kf8 22. f4 f6 23. Kf2 Kf7 24. exf6 Kxf6 25. dxc5 Kf7 26. Rcd1 Rxe1 27. Rxe1 Rd8 28. Bxg7 Kxg7 29. Re7+ Kf6 30. Rxc7 Rd2+ 31. Kg3 Rxb2 32. Rxa7 Rc2 33. Ra3 Ke6 34. Kh4 Kf6 35. c6 Re2 36. c7 Re8 37. Ra7 h6 38. Rb7 Rc8 39. Rxb5 Rxc7 40. g5+ hxg5+ 41. fxg5+ Ke6 42. Rb3 Kf5 43. a3 Kf4 44. Rb4+ Kf5 45. c4 Kf4 46. c5+ Kf5 47. Rc4 Rc8 48. c6 Rc7 49. a4 Ke5 50. a5 Kd6 51. Kg4 Rxc6 52. Rxc6+ Kxc6 53. h4 Kb5 54. h5 gxh5+ 55. Kxh5 Kxa5 56. g6 Kb4 57. g7 Kc3 58. g8=Q Kd3 59. Qg4 Ke3 60. Kg5 Kf2 61. Qh3 Kg1 62. Kf4 Kf2 63. Qh2+ Ke1 64. Ke3 Kd1 65. Qd2# 1-0

[Event "NAYCC U12 w"]
[Site "Toronto CAN"]
[Date "2013.08.16"]
[Round "4"]
[White "Davis, Katherine"]
[Black "Ouellet, Maili-Jade"]
[Result "0-1"]
[WhiteElo "1841"]
[BlackElo "1669"]
[PlyCount "130"]
[GameId "2160767909275716"]
[EventDate "2013.08.14"]
[EventType "swiss"]
[EventRounds "9"]
[EventCountry "CAN"]
[SourceTitle "hb 2013"]

1. e4 c5 2. c3 d5 3. exd5 Qxd5 4. d4 Nc6 5. Nf3 Bg4 6. Be2 cxd4 7. cxd4 e6 8. h3 Bh5 9. O-O Nf6 10. Nc3 Qd6 11. Be3 Be7 12. Qd2 O-O 13. Rfd1 Nb4 14. Rac1 a6 15. Ng5 Bxe2 16. Qxe2 Nbd5 17. Nge4 Nxe4 18. Nxe4 Qb6 19. Nc5 Qa7 20. Qg4 Rfd8 21. Bh6 Bf8 22. Bg5 Rd6 23. a3 a5 24. Ne4 Rb6 25. Rd2 Rb5 26. Nf6+ Nxf6 27. Bxf6 Qb6 28. Rdc2 h5 29. Qg3 Qd6 30. Be5 Qd8 31. Rc7 f6 32. Qg6 Qe8 33. Qxe8 Rxe8 34. Bg3 Rd8 35. R1c4 Rxb2 36. Rc8 Rxc8 37. Rxc8 Kf7 38. Ra8 b6 39. Ra6 Bxa3 40. Bc7 Rb1+ 41. Kh2 b5 42. Bxa5 Bb2 43. Bb6 Ra1 44. Rxa1 Bxa1 45. Bc5 Bc3 46. Bb6 b4 47. Ba5 Ke7 48. Kg3 Kd6 49. Kf3 Kd5 50. Ke3 Bxd4+ 51. Kd3 b3 52. f3 h4 53. Bd8 e5 54. Be7 b2 55. Kc2 e4 56. fxe4+ Kxe4 57. Bb4 Ke3 58. Be1 g5 59. g3 hxg3 60. Bxg3 f5 61. h4 g4 62. Bh2 Bf6 63. h5 f4 64. Bg1+ Ke2 65. h6 f3 0-1

[Event "NAYCC U12 w"]
[Site "Toronto CAN"]
[Date "2013.08.16"]
[Round "4"]
[White "Dommalapati, Aasa"]
[Black "Ravishankar, Ramitha"]
[Result "0-1"]
[WhiteElo "1590"]
[BlackElo "1581"]
[PlyCount "78"]
[GameId "2160767909275717"]
[EventDate "2013.08.14"]
[EventType "swiss"]
[EventRounds "9"]
[EventCountry "CAN"]
[SourceTitle "EXT 2022"]
[Source "ChessBase"]
[SourceDate "2021.10.06"]
[SourceVersion "1"]
[SourceVersionDate "2021.10.06"]
[SourceQuality "1"]

1. e4 e6 2. d4 d5 3. Nc3 Nf6 4. Bg5 Bb4 5. e5 h6 6. Bd2 Bxc3 7. bxc3 Ne4 8. Qg4 g6 9. Nf3 c5 10. Bd3 Nxd2 11. Nxd2 Qa5 12. Nb1 Nc6 13. O-O Bd7 14. Rd1 O-O-O 15. Bf1 Ne7 16. c4 Ba4 17. Na3 Nf5 18. Qf3 Bc6 19. Rd3 Qc7 20. Qd1 Nxd4 21. c3 Nf5 22. f4 g5 23. Qg4 Rde8 24. Nb5 Bxb5 25. cxb5 h5 26. Qf3 g4 27. Qd1 c4 28. Rd2 Qb6+ 29. Kh1 Qxb5 30. Rb2 Qxb2 31. Rb1 Qa3 32. Qe1 h4 33. Qf2 g3 34. Qe2 gxh2 35. Kxh2 Qxc3 36. Rb2 Qg3+ 37. Kh1 h3 38. a4 hxg2+ 39. Kg1 Rh1# 0-1

[Event "NAYCC U12 w"]
[Site "Toronto CAN"]
[Date "2013.08.16"]
[Round "4"]
[White "Edouard, Marie-Erline"]
[Black "Tan, Kylie"]
[Result "0-1"]
[WhiteElo "988"]
[BlackElo "1203"]
[PlyCount "74"]
[GameId "2160767909275718"]
[EventDate "2013.08.14"]
[EventType "swiss"]
[EventRounds "9"]
[EventCountry "CAN"]
[SourceTitle "hb 2013"]

1. e4 e5 2. Bc4 Nc6 3. Nf3 Nf6 4. d3 Bc5 5. Nc3 h6 6. O-O d6 7. Re1 O-O 8. h3 Bd7 9. Be3 Bb6 10. Qe2 Nd4 11. Bxd4 exd4 12. Nd5 Nxd5 13. Bxd5 c6 14. Bc4 Re8 15. Nd2 d5 16. Bb3 dxe4 17. dxe4 Be6 18. Bxe6 Rxe6 19. Qg4 Rg6 20. Qh5 Rg5 21. Qh4 Rxg2+ 22. Kxg2 Qxh4 23. Nf3 Qf6 24. e5 Qg6+ 25. Kf1 Qxc2 26. Re2 Qf5 27. Nd2 d3 28. Ke1 dxe2 29. Kxe2 Qxf2+ 30. Kd1 Qg1+ 31. Kc2 Qxa1 32. Nb3 Qxa2 33. Nc1 Qc4+ 34. Kd2 Rd8+ 35. Ke1 Qxc1+ 36. Ke2 Qe3+ 37. Kf1 Qf2# 0-1

[Event "NAYCC U12 w"]
[Site "Toronto CAN"]
[Date "2013.08.16"]
[Round "4"]
[White "Gillan, Rahma"]
[Black "Zhu, Jiarong"]
[Result "0-1"]
[WhiteElo "1150"]
[BlackElo "1224"]
[PlyCount "162"]
[GameId "2160767909275719"]
[EventDate "2013.08.14"]
[EventType "swiss"]
[EventRounds "9"]
[EventCountry "CAN"]
[SourceTitle "hb 2013"]

1. e4 c5 2. Nf3 e6 3. d4 cxd4 4. Nxd4 Nf6 5. Bd3 Nc6 6. Be3 Be7 7. O-O d6 8. Nc3 O-O 9. f4 Nxd4 10. Bxd4 e5 11. fxe5 dxe5 12. Bf2 Ng4 13. Kh1 Nxf2+ 14. Rxf2 Bc5 15. Rf1 Qh4 16. Qe1 Qxe1 17. Raxe1 Be6 18. Nd5 Rac8 19. h3 h6 20. Rd1 Rfd8 21. Bc4 a6 22. Bb3 b5 23. Rd3 Kh7 24. Rfd1 Kh8 25. c3 f6 26. Nb4 Rxd3 27. Nxd3 Bxb3 28. axb3 Ba7 29. Kh2 Kh7 30. Kg3 Kg6 31. Ne1 Be3 32. Rd6 Bf4+ 33. Kf3 a5 34. Rd5 Rb8 35. Nd3 Bg5 36. Rd6 b4 37. c4 Ra8 38. Nxe5+ Kh5 39. Nd3 Re8 40. c5 Rc8 41. c6 g6 42. e5 fxe5 43. Nxe5 Rf8+ 44. Ke2 Re8 45. Rd5 Bf4 46. Kd3 Rxe5 47. Rxe5+ Bxe5 48. Ke4 Bb8 49. Kf3 Kg5 50. g3 h5 51. g4 hxg4+ 52. hxg4 Bc7 53. Ke4 Kxg4 54. Kd5 Kf4 55. Ke6 g5 56. Kd7 Be5 57. c7 Bxc7 58. Kxc7 g4 59. Kb6 g3 60. Kxa5 g2 61. Kxb4 g1=Q 62. Kb5 Qc1 63. b4 Qxb2 64. Kc5 Qh8 65. Kb6 Qb8+ 66. Kc5 Qb7 67. b5 Ke5 68. b6 Ke4 69. Kb5 Kd5 70. Kb4 Qxb6+ 71. Kc3 Qd4+ 72. Kb3 Kc5 73. Ka2 Qd3 74. Kb2 Kb4 75. Ka1 Ka4 76. Kb2 Qb3+ 77. Ka1 Qd3 78. Kb2 Kb4 79. Ka1 Qe2 80. Kb1 Kb3 81. Ka1 Qa2# 0-1